|
|
|
|
| LEADER |
00000nam0a2200000 4500 |
| 001 |
164440 |
| 005 |
20231101222457.0 |
| 010 |
|
|
|a 9785222148402
|
| 035 |
|
|
|a (RuTPU)RU\TPU\book\178396
|
| 090 |
|
|
|a 164440
|
| 100 |
|
|
|a 20090907d2009 m y0rusy50 ca
|
| 101 |
0 |
|
|a rus
|a eng
|
| 102 |
|
|
|a RU
|
| 105 |
|
|
|a y j 000zy
|
| 200 |
1 |
|
|a Английская грамматика: теория и практика
|e учебное пособие
|f В. М. Венявская
|
| 210 |
|
|
|a Ростов-на-Дону
|c Феникс
|d 2009
|
| 215 |
|
|
|a 319 с.
|
| 225 |
1 |
|
|a Высшее образование
|
| 330 |
|
|
|a Данная работа является учебником грамматики английского языка, который содержит необходимый теоретический материал и большой выбор тренировочных упражнений. Главная задача учебника — помочь учащимся изучить грамматический строй английского языка, овладеть навыками перевода, письменной и устной речи, расширить словарный запас. Учебник предназначен для высших учебных заведений и может использоваться для очной, заочной и автономной форм обучения.
|
| 606 |
1 |
|
|a Английский язык
|x Учебные руководства и пособия для высшей школы
|x Пособия по грамматике
|2 stltpush
|3 (RuTPU)RU\TPU\subj\29073
|9 52485
|
| 610 |
1 |
|
|a морфология
|
| 610 |
1 |
|
|a артикли
|
| 610 |
1 |
|
|a части речи
|
| 610 |
1 |
|
|a лингвистика
|
| 610 |
1 |
|
|a упражнения
|
| 610 |
1 |
|
|a экономика
|
| 686 |
|
|
|a Ш143.21-923.2
|v LBC/SL-A
|2 rubbk
|
| 700 |
|
1 |
|a Венявская
|b В. М.
|g Вера Михайловна
|
| 801 |
|
1 |
|a RU
|b 63413507
|c 20090907
|
| 801 |
|
2 |
|a RU
|b 63413507
|c 20091103
|g RCR
|
| 900 |
|
|
|a Грамматика
|
| 942 |
|
|
|c BK
|
| 955 |
|
|
|l 8
|
| 959 |
|
|
|a 89/20090907
|d 1
|e 164,40
|f ЧЗИЛ:1
|